| 000 | 00574nam a2200193Ia 4500 | ||
|---|---|---|---|
| 003 | IN-BaIIA | ||
| 008 | 211028s9999 xx 000 0 eng d | ||
| 020 | _a0-486-60349-0 | ||
| 040 | _cIIA Library | ||
| 080 |
_a517.91 _bINC |
||
| 100 |
_aInce, E. L. _91652 |
||
| 245 | 0 |
_aOrdinary differential equations _cE. L. Ince |
|
| 260 |
_aNew York _bDover Publications _c1956 |
||
| 300 | _aviii, 558p. | ||
| 650 |
_aAnalysis-mathematics _91722 |
||
| 650 |
_aDifferential equations _91510 |
||
| 650 | _aNASA Thesaurus | ||
| 942 | _cBK | ||
| 999 |
_c6208 _d6208 |
||